| 000 | 01256 a2200253 4500 | ||
|---|---|---|---|
| 003 | Nust | ||
| 005 | 20221223182620.0 | ||
| 010 | _a 94028420 | ||
| 020 | _a0471542873 (acid-free paper) | ||
| 040 | _cNust | ||
| 082 | 0 | 0 | _a621.3827,GAG |
| 100 | 1 |
_aGagliardi, Robert M., _963755 |
|
| 245 | 1 | 0 |
_aOptical communications / _cRobert M. Gagliardi, Sherman Karp. |
| 250 | _a2nd ed. | ||
| 260 |
_aNew York : _bWiley, _cc1995. |
||
| 300 |
_axv, 347 p. : _bill. ; _c25 cm. |
||
| 440 | 0 |
_aWiley series in telecommunications and signal processing _9728 |
|
| 505 | _aThe Optical Communication System (Page-1), Optical Field Reception (Page-39), Photodetection (Page-75), Noncoherent (Direct) Detection (Page-119), Coherent (Heterodyne) Detection (Page-151), Optical Digital Communications (Page-17), Fiberoptic Communications (Page-233), Fiber Networks (Page-259) The Atmospheric Optical Channel (Page-285), Pointing, Acquisition, and Tracking in Space Optics (Page-305). | ||
| 650 | 0 | _aTelecommunication engineering | |
| 700 | 1 |
_aKarp, Sherman. _9105779 |
|
| 856 | 4 | 2 |
_3Publisher description _uhttp://www.loc.gov/catdir/description/wiley033/94028420.html |
| 856 | 4 | 2 |
_3Table of Contents _uhttp://www.loc.gov/catdir/toc/onix03/94028420.html |
| 942 |
_2ddc _cBK |
||
| 999 |
_c182929 _d182929 |
||